www.Zodpovedne.sk

Bibliographic Details
Main Author: Kramárová, Lívia (Author)
Format: Article
Language:Slovak

MARC

LEADER 00000nab a2200000uu 4500
001 vtls010901925
003 SK-MaSNL
005 20260303142428.0
008 230222|2007 xo |||||||||||||||||slo|
015 |a SNBRB 
035 |a (urnnbn)urn:nbn:sk:snk:ar-a07nlg 
035 |a (uuid)5d36b913-9ad1-42c2-8441-9ce620d3e88a 
035 |a urn:nbn:sk:snk-ab8tb0 
040 |a SNKBUCL  |b slo  |c SNKBUCL  |e AACR2 
041 0 |a slo 
044 |a xo  |c SK 
100 1 |a Kramárová, Lívia  |4 aut  |9 1162740 
245 1 0 |a www.Zodpovedne.sk  |c Lívia Kramárová 
773 0 |t Prevencia : informačný bulletin zameraný na prevenciu sociálno-patologických javov v rezorte školstva  |g Roč. 6, č. 4 (2007), s. 78-79 
954 |a odborná, vedecká literatúra pôvodná (slovenská)  |2 lita 
958 |a OND 
958 |a EUIPO 
958 |a article10 
999 |c 1982804  |d 1984734